Quiz o Wenezueli - Statystyki

Ogólne statystyki
  • Ten quiz został rozwiązany 1 773 razy
  • Średni wynik to 12 z 20
Statystyki odpowiedzi
Wskazówka Odpowiedź % Poprawnych
Kraje graniczące z Wenezuelą Brazylia
95%
Język urzędowy Hiszpański
95%
Kolumbia
95%
Stolica Caracas
91%
Gujana
91%
Morze, nad którym leży Wenezuela Morze Karaibskie
82%
Wenezuela posiada więcej złóż tego surowca niż jakiekolwiek inne państwo Ropa naftowa
81%
W 2018 r. ta wartość ekonomiczna wyniosła 1,000,000 % Inflacja
75%
Kobiety z Wenezueli wygrały 23 razy międzynarodowe... Konkursy {piękności}
70%
Podobno Amerigo Vespucci nazwał ten region Wenezuelą po tym europejskim mieście Wenecja
70%
Najwyższy wodospad na świecie Salto {Angel}
56%
Lider niepodległościowy, od którego nazwano walutę jego nazwiskiem Simón Bolivar
51%
Najpopularniejszy sport Baseball
47%
Obecny prezydent Nicolás Maduro
40%
Prezydent Wenezueli w latach 1999 - 2012 Hugo Chávez
39%
Wyspa na tym morzu, która dzieli się nazwą z popularnym koktajlem i rodzajem pizzy Margarita
36%
Najdłuższa rzeka / nazwa piosenki Enya Orinoko
31%
Czasami nazywane największym jeziorem w Ameryce Południowej, jest ono częściej uważane za zatokę oceaniczną Maracaibo
26%
Animowany film Pixara, który przedstawiał te góry Odlot
18%
Słowo na literę "T", które odnosi się do gór stołowych znajdujących się w południowo - wschodniej Wenezueli Tepui
9%
Nie znaleziono quizów pasujących do podanych kryteriów
Rozkład punktacji
Procent ludzi z każdym wynikiem
Percentyl według liczby udzielonych odpowiedzi
Twoja historia wyników
Nie rozwiązałeś tego quizu